[Event "1. Bundesliga 2013/2014"]
[Site "Jenbach, Wolfsberg, St. Veit/Glan"]
[Date "2014.03.21"]
[Round "9"]
[Board "4"]
[White "Steflitsch, Erich"]
[Black "Dzierzenga, Stefan"]
[Result "1-0"]
[WhiteElo "2355"]
[BlackElo "2197"]
[PlyCount "81"]
[EventDate "2013.12.06"]
[EventType "team"]
[EventRounds "11"]
[EventCountry "AUT"]
[WhiteTeam "SV Wolfsberg"]
[BlackTeam "SK Advisory Invest Baden"]

1. d4 Nf6 2. c4 c5 3. d5 b5 4. cxb5 a6 5. bxa6 g6 6. Nc3 Bxa6 7. e4 Bxf1 8.
Kxf1 d6 9. Nf3 Nbd7 10. g3 Bg7 11. Kg2 O-O 12. Qe2 Nb6 13. a4 Ne8 14. Bd2 Nc7
15. h4 h6 16. Nh2 e6 17. a5 Nd7 18. Bf4 Nf6 19. Qd2 exd5 20. exd5 Kh7 21. Nf3
Re8 22. Rhe1 Rxe1 23. Nxe1 Ra6 24. Nc2 Qa8 25. Rd1 Qb7 26. Ne3 Nh5 27. Nc4
Nxf4+ 28. Qxf4 Ne6 29. Qe4 Nd4 30. h5 Nb3 31. Ne2 Nxa5 32. Nxa5 Rxa5 33. Nf4
Ra8 34. hxg6+ Kg8 35. gxf7+ Qxf7 36. Rh1 Rb8 37. Rh5 Rb4 38. Qf3 Rxb2 39. Qg4
Rb7 40. Rxh6 Rb4 41. Rxd6 1-0

[Event "1. Bundesliga 2013/2014"]
[Site "Jenbach, Wolfsberg, St. Veit/Glan"]
[Date "2014.03.21"]
[Round "9"]
[Board "5"]
[White "Herndlbauer, Martin"]
[Black "Hresc, Vladimir"]
[Result "0-1"]
[WhiteElo "2119"]
[BlackElo "2409"]
[PlyCount "62"]
[EventDate "2013.12.06"]
[EventType "team"]
[EventRounds "11"]
[EventCountry "AUT"]
[WhiteTeam "SK Advisory Invest Baden"]
[BlackTeam "SV Wolfsberg"]

1. d4 Nf6 2. c4 e6 3. Nc3 Bb4 4. e3 O-O 5. Bd3 d5 6. Nf3 c5 7. O-O cxd4 8. exd4
dxc4 9. Bxc4 Qc7 10. Qe2 a6 11. a4 h6 12. Bd3 Nc6 13. Ne4 Be7 14. Nxf6+ Bxf6
15. Qe4 Rd8 16. Qh7+ Kf8 17. b3 Nb4 18. Ba3 a5 19. Rac1 Qd6 20. Rc4 Bd7 21. Be4
Rab8 22. Rfc1 Ke7 23. Bb1 Bc6 24. Bxb4 axb4 25. Qc2 Bxf3 26. gxf3 Bxd4 27. Qe2
Bc3 28. Be4 Qf4 29. Rd1 Rxd1+ 30. Qxd1 Rd8 31. Qe2 Be5 0-1

[Event "1. Bundesliga 2013/2014"]
[Site "Jenbach, Wolfsberg, St. Veit/Glan"]
[Date "2014.03.21"]
[Round "9"]
[Board "6"]
[White "Toefferl, Heimo"]
[Black "Juenger, Heinz"]
[Result "1/2-1/2"]
[WhiteElo "2114"]
[BlackElo "2114"]
[PlyCount "75"]
[EventDate "2013.12.06"]
[EventType "team"]
[EventRounds "11"]
[EventCountry "AUT"]
[WhiteTeam "SV Wolfsberg"]
[BlackTeam "SK Advisory Invest Baden"]

1. d4 Nf6 2. c4 g6 3. Nc3 d5 4. cxd5 Nxd5 5. e4 Nxc3 6. bxc3 Bg7 7. Bb5+ c6 8.
Ba4 O-O 9. Ne2 c5 10. O-O b6 11. Be3 cxd4 12. cxd4 Bb7 13. f3 e6 14. Qd2 Qe7
15. Rac1 Na6 16. Bh6 Rac8 17. Bxg7 Kxg7 18. Rxc8 Rxc8 19. Rc1 Rxc1+ 20. Nxc1
Qb4 21. Qxb4 Nxb4 22. Kf2 Kf6 23. Ke3 Ke7 24. h4 Bc6 25. Bxc6 Nxc6 26. Nd3 f6
27. g4 Kd6 28. g5 fxg5 29. hxg5 b5 30. f4 a5 31. Nc5 a4 32. a3 Na5 33. e5+ Kd5
34. Na6 Kc6 35. Nb4+ Kd7 36. Nc2 Nc6 37. Ne1 Na5 38. Kd3 1/2-1/2

[Event "1. Bundesliga 2013/2014"]
[Site "Jenbach, Wolfsberg, St. Veit/Glan"]
[Date "2014.03.21"]
[Round "9"]
[Board "2"]
[White "Kuljasevic, Davorin"]
[Black "Bauer, Christian"]
[Result "1-0"]
[WhiteElo "2567"]
[BlackElo "2627"]
[PlyCount "177"]
[EventDate "2013.12.06"]
[EventType "team"]
[EventRounds "11"]
[EventCountry "AUT"]
[WhiteTeam "SV Jacques Lemans St. Veit"]
[BlackTeam "Schachklub Sparkasse Jenbach"]

1. d4 e6 2. c4 Bb4+ 3. Nd2 d5 4. Qa4+ Nc6 5. Ngf3 Bd7 6. Qc2 Nf6 7. a3 Bxd2+ 8.
Bxd2 Ne4 9. e3 O-O 10. Bd3 f5 11. b4 a6 12. O-O Rf6 13. a4 Be8 14. b5 Bh5 15.
Ne1 axb5 16. cxb5 Nxd2 17. Qxd2 Na5 18. Qc3 f4 19. exf4 Rxf4 20. g3 Rf7 21. Ng2
Bg4 22. Rae1 c6 23. Nf4 cxb5 24. Bxb5 Rc8 25. Qe3 Nc4 26. Bxc4 dxc4 27. f3 Bf5
28. g4 Bd3 29. Nxd3 cxd3 30. Qxd3 Qd7 31. a5 Rd8 32. Re4 e5 33. Rxe5 Qxd4+ 34.
Qxd4 Rxd4 35. Re8+ Rf8 36. Re7 Ra4 37. Rxb7 Rxa5 38. Kg2 h5 39. h3 Rf7 40. Rxf7
Kxf7 41. f4 hxg4 42. hxg4 g5 43. f5 Ra4 44. Kg3 Kf6 45. Re1 Ra3+ 46. Kf2 Ra6
47. Kf3 Ra3+ 48. Re3 Ra6 49. Rd3 Ke5 50. Re3+ Kf6 51. Kf2 Ra2+ 52. Kg3 Ra6 53.
Kf3 Rb6 54. Re4 Rb3+ 55. Kf2 Kf7 56. Rd4 Kf6 57. Re4 Kf7 58. Re6 Rb4 59. Kf3
Rb3+ 60. Re3 Rb4 61. Rd3 Rb6 62. Ke4 Kf6 63. Rd4 Ra6 64. Rb4 Kf7 65. Rc4 Kf6
66. Kd5 Ra5+ 67. Rc5 Ra4 68. Rc6+ Kf7 69. Rc4 Ra5+ 70. Ke4 Ra7 71. Rd4 Re7+ 72.
Kf3 Ra7 73. Rd6 Ra3+ 74. Ke4 Ra4+ 75. Ke5 Ra5+ 76. Rd5 Ra7 77. Rc5 Re7+ 78. Kd6
Re1 79. Rc4 Kf6 80. Kd5 Rd1+ 81. Ke4 Rd6 82. Rc8 Kf7 83. Rh8 Ra6 84. Rh7+ Kf8
85. Ke5 Ra4 86. Kf6 Kg8 87. Rb7 Rxg4 88. Kg6 Kf8 89. f6 1-0

[Event "1. Bundesliga 2013/2014"]
[Site "Jenbach, Wolfsberg, St. Veit/Glan"]
[Date "2014.03.21"]
[Round "9"]
[Board "3"]
[White "Schlosser, Philipp"]
[Black "Bosiocic, Marin"]
[Result "1-0"]
[WhiteElo "2612"]
[BlackElo "2554"]
[PlyCount "218"]
[EventDate "2013.12.06"]
[EventType "team"]
[EventRounds "11"]
[EventCountry "AUT"]
[WhiteTeam "Schachklub Sparkasse Jenbach"]
[BlackTeam "SV Jacques Lemans St. Veit"]

1. c4 Nf6 2. Nf3 c6 3. Nc3 d5 4. e3 e6 5. b3 Nbd7 6. Qc2 b6 7. cxd5 exd5 8. d4
Bb7 9. Bd3 Be7 10. O-O O-O 11. Bb2 c5 12. Rac1 Rc8 13. Rfd1 g6 14. Qb1 Bd6 15.
Bf1 Re8 16. g3 cxd4 17. Nxd4 a6 18. Bg2 Nc5 19. Nde2 Be5 20. b4 Ne6 21. Nxd5
Rxc1 22. Nxc1 Bxb2 23. Nxf6+ Qxf6 24. Bxb7 a5 25. bxa5 bxa5 26. Bd5 Nc5 27. Nd3
Nxd3 28. Qxd3 Rc8 29. Kg2 a4 30. Qe4 a3 31. Bb3 Rd8 32. Bd5 Rc8 33. Rd3 Rc2 34.
Qf3 Qxf3+ 35. Kxf3 Rc3 36. Rd2 h5 37. Bb7 Kf8 38. Rd8+ Ke7 39. Rb8 Rc5 40. Ba6
Be5 41. Rb7+ Rc7 42. Rb4 Bb2 43. Bc4 Rd7 44. Bb3 Kf6 45. h3 Kg7 46. g4 hxg4+
47. hxg4 g5 48. Rb5 f6 49. Be6 Re7 50. Rb6 Rc7 51. Ke4 Rc5 52. Rb7+ Kf8 53. Bd5
Ke8 54. f4 Rc3 55. fxg5 fxg5 56. Kf5 Rxe3 57. Bc6+ Kf8 58. Kxg5 Re5+ 59. Kf4
Re7 60. Rb3 Rf7+ 61. Ke3 Bc1+ 62. Ke2 Rf4 63. Bf3 Rd4 64. Rc3 Bb2 65. Rc7 Rb4
66. Ra7 Rb5 67. Be4 Re5 68. Kf3 Re7 69. Ra8+ Kg7 70. g5 Bc1 71. Ra5 Bb2 72. Kf4
Bc1+ 73. Kf3 Bb2 74. Bc2 Rc7 75. Bf5 Re7 76. Ra6 Re1 77. Ra7+ Kf8 78. Bc2 Bc1
79. g6 Re7 80. Ra6 Kg7 81. Bb3 Bb2 82. Bf7 Rxf7+ 83. gxf7 Kxf7 84. Ke4 Ke7 85.
Kd5 Kf7 86. Re6 Kg7 87. Ke4 Kf7 88. Kf5 Kg7 89. Re7+ Kf8 90. Ke6 Ba1 91. Ra7
Bb2 92. Rb7 Ba1 93. Rf7+ Kg8 94. Rf1 Bb2 95. Rg1+ Kf8 96. Rg3 Bc1 97. Rf3+ Kg7
98. Rf7+ Kg6 99. Rf1 Bb2 100. Rg1+ Kh6 101. Kd5 Kh7 102. Kc4 Kh6 103. Kb3 Kh7
104. Rg2 Kh6 105. Rxb2 axb2 106. Kxb2 Kg6 107. a4 Kf6 108. a5 Ke6 109. a6 Kd6
 1-0

[Event "1. Bundesliga 2013/2014"]
[Site "Jenbach, Wolfsberg, St. Veit/Glan"]
[Date "2014.03.21"]
[Round "9"]
[Board "4"]
[White "Rogic, Davor"]
[Black "Acs, Peter"]
[Result "1/2-1/2"]
[WhiteElo "2560"]
[BlackElo "2576"]
[PlyCount "113"]
[EventDate "2013.12.06"]
[EventType "team"]
[EventRounds "11"]
[EventCountry "AUT"]
[WhiteTeam "SV Jacques Lemans St. Veit"]
[BlackTeam "Schachklub Sparkasse Jenbach"]

1. e4 e5 2. Nf3 Nc6 3. Bb5 a6 4. Ba4 Nf6 5. O-O Be7 6. Re1 b5 7. Bb3 d6 8. c3
O-O 9. h3 Bb7 10. d4 Re8 11. Ng5 Rf8 12. Nf3 Re8 13. dxe5 Nxe5 14. Nxe5 dxe5
15. Qf3 c5 16. Nd2 c4 17. Bc2 Nd7 18. Nf1 Bg5 19. Rd1 Bxc1 20. Raxc1 Qe7 21.
Ne3 g6 22. b3 cxb3 23. Ng4 b2 24. Rb1 Rad8 25. Rxb2 f5 26. Ne3 Nc5 27. c4 bxc4
28. Nxc4 Bxe4 29. Bxe4 fxe4 30. Qe2 Nd3 31. Rbd2 Qc5 32. Ne3 Rf8 33. Ng4 Nf4
34. Qe1 Rd3 35. Rc1 Qd5 36. Rdc2 h5 37. Rc5 Qxa2 38. R1c2 Qe6 39. Nxe5 Rd4 40.
Qe3 Qd6 41. Ra5 Rd5 42. Rxd5 Qxd5 43. Rc5 Qd6 44. Qb3+ Kg7 45. Qb7+ Kh6 46. Qc6
Qd1+ 47. Kh2 Qd4 48. Ra5 Qxf2 49. Qxe4 Re8 50. Qc6 Re6 51. Qa8 Re8 52. Qc6 Qe2
53. Nf7+ Kg7 54. Ng5 Kh6 55. Nf7+ Kg7 56. Ng5 Kh6 57. Nf7+ 1/2-1/2

[Event "1. Bundesliga 2013/2014"]
[Site "Jenbach, Wolfsberg, St. Veit/Glan"]
[Date "2014.03.21"]
[Round "9"]
[Board "5"]
[White "Boensch, Uwe"]
[Black "Hebesberger, Thomas"]
[Result "1-0"]
[WhiteElo "2544"]
[BlackElo "2356"]
[PlyCount "107"]
[EventDate "2013.12.06"]
[EventType "team"]
[EventRounds "11"]
[EventCountry "AUT"]
[WhiteTeam "Schachklub Sparkasse Jenbach"]
[BlackTeam "SV Jacques Lemans St. Veit"]

1. d4 d6 2. Nf3 Bg4 3. c4 Nd7 4. Qb3 Rb8 5. h3 Bxf3 6. Qxf3 g6 7. Qa3 Bg7 8. e3
a6 9. Be2 e6 10. O-O Ne7 11. Nd2 O-O 12. Nf3 c5 13. Rd1 Nc6 14. Rb1 Qc7 15. Bd2
b5 16. dxc5 Nxc5 17. b4 Ne4 18. Be1 bxc4 19. Bxc4 a5 20. bxa5 Rxb1 21. Rxb1
Nxa5 22. Bd3 Nc4 23. Qc1 d5 24. Bxe4 dxe4 25. Nd2 Rc8 26. Nxe4 Qe5 27. Nd2 Nb6
28. Qd1 Nd5 29. Nf3 Qc7 30. Qb3 Qa7 31. a4 Bf6 32. Bd2 Nc3 33. Bxc3 Rxc3 34.
Qb8+ Qxb8 35. Rxb8+ Kg7 36. g4 Ra3 37. Ra8 Bc3 38. Ra7 h6 39. g5 h5 40. Kg2 Ra2
41. Rc7 Ra3 42. Rc4 Kf8 43. Ng1 Ke7 44. Rc7+ Kf8 45. Ne2 Be5 46. Ra7 Kg7 47.
Kf3 Ra1 48. a5 Ra4 49. a6 Ra5 50. Ke4 Bd6 51. Nd4 Re5+ 52. Kd3 Bc5 53. Rc7 Bb6
54. a7 1-0

[Event "1. Bundesliga 2013/2014"]
[Site "Jenbach, Wolfsberg, St. Veit/Glan"]
[Date "2014.03.21"]
[Round "9"]
[Board "6"]
[White "Koop, Thorben"]
[Black "Bischoff, Klaus"]
[Result "1-0"]
[WhiteElo "2219"]
[BlackElo "2510"]
[PlyCount "71"]
[EventDate "2013.12.06"]
[EventType "team"]
[EventRounds "11"]
[EventCountry "AUT"]
[WhiteTeam "SV Jacques Lemans St. Veit"]
[BlackTeam "Schachklub Sparkasse Jenbach"]

1. Nf3 Nf6 2. c4 c6 3. g3 d5 4. b3 Bf5 5. Bg2 e6 6. O-O h6 7. Bb2 Be7 8. d3 O-O
9. Nbd2 Bh7 10. a3 a5 11. Qc2 Nbd7 12. Bc3 Qb8 13. Qb2 Bd6 14. b4 axb4 15. axb4
Rxa1 16. Rxa1 e5 17. c5 Bc7 18. b5 Re8 19. b6 Bd8 20. Nb3 e4 21. Ne1 exd3 22.
Nxd3 Be7 23. Bd4 Bf8 24. Ra7 Ne4 25. Qc1 Ng5 26. Nf4 Ne6 27. Nxe6 Rxe6 28. Bh3
Re7 29. Na5 Nf6 30. Qf4 Qe8 31. e3 Re4 32. Qf3 Nd7 33. Nxb7 Nxc5 34. Nxc5 Bxc5
35. Bxc5 Rc4 36. Ba3 1-0

[Event "1. Bundesliga 2013/2014"]
[Site "Jenbach, Wolfsberg, St. Veit/Glan"]
[Date "2014.03.21"]
[Round "9"]
[Board "1"]
[White "Melkumyan, Hrant"]
[Black "Rozentalis, Eduardas"]
[Result "1/2-1/2"]
[WhiteElo "2613"]
[BlackElo "2623"]
[PlyCount "132"]
[EventDate "2013.12.06"]
[EventType "team"]
[EventRounds "11"]
[EventCountry "AUT"]
[WhiteTeam "ASVOE Wulkaprodersdorf"]
[BlackTeam "SK Hohenems"]

1. d4 Nf6 2. c4 e6 3. Nc3 Bb4 4. Nf3 b6 5. e3 Bb7 6. Bd3 O-O 7. O-O d5 8. cxd5
exd5 9. a3 Bd6 10. b4 Ne4 11. Nb5 Nd7 12. Nxd6 cxd6 13. Ne1 Rc8 14. f3 Ng5 15.
Bd2 f5 16. g3 Rf7 17. Ng2 Ne6 18. a4 a6 19. Qe2 Ra8 20. Rac1 g6 21. Qd1 Nf6 22.
Rc3 Rc8 23. Rxc8 Qxc8 24. Qe2 Re7 25. Rc1 Qe8 26. Qd1 Kg7 27. b5 a5 28. Rc3 Ng5
29. Nf4 Ne6 30. Qc2 Nxf4 31. gxf4 Nh5 32. Bf1 Qf7 33. Be1 Qf6 34. Rc7 Qf7 35.
Rc3 Qf6 36. Rc7 Qf7 37. Rxe7 Qxe7 38. Bf2 Kf7 39. Bd3 Ng7 40. Qc1 Ne6 41. Qe1
Qc7 42. Kf1 Qc8 43. Ke2 Qc7 44. Kd2 Qc8 45. Bh4 h6 46. Qg3 Qh8 47. Qh3 Nxd4 48.
exd4 Qxd4 49. Be1 Qb2+ 50. Kd1 d4 51. Bd2 Qb3+ 52. Ke2 Qe6+ 53. Kf1 Qb3 54.
Bxf5 gxf5 55. Qxf5+ Ke8 56. Qg6+ Kd7 57. Qg7+ Kc8 58. Qf8+ Kc7 59. Qe7+ Kc8 60.
Qe8+ Kc7 61. Qe7+ Kb8 62. Qxd6+ Ka7 63. Qxd4 Qd1+ 64. Kf2 Qxf3+ 65. Ke1 Qh1+
66. Ke2 Qf3+ 1/2-1/2

[Event "1. Bundesliga 2013/2014"]
[Site "Jenbach, Wolfsberg, St. Veit/Glan"]
[Date "2014.03.21"]
[Round "9"]
[Board "2"]
[White "Braun, Arik"]
[Black "Antoniewski, Rafal"]
[Result "1/2-1/2"]
[WhiteElo "2562"]
[BlackElo "2553"]
[PlyCount "68"]
[EventDate "2013.12.06"]
[EventType "team"]
[EventRounds "11"]
[EventCountry "AUT"]
[WhiteTeam "SK Hohenems"]
[BlackTeam "ASVOE Wulkaprodersdorf"]

1. d4 d5 2. c4 dxc4 3. Nf3 a6 4. e3 b5 5. a4 Bb7 6. b3 e6 7. bxc4 bxc4 8. Bxc4
Nf6 9. Qb3 Bxf3 10. gxf3 c5 11. dxc5 Bxc5 12. O-O O-O 13. Rd1 Qe7 14. Nd2 Nc6
15. Be2 Rfb8 16. Qa2 Nb4 17. Qc4 Rc8 18. Qh4 Nfd5 19. Qxe7 Bxe7 20. Bb2 Rc2 21.
Rab1 Bf6 22. Ba3 a5 23. Bxb4 axb4 24. Bd3 Ra2 25. Bc4 R2xa4 26. Bxd5 exd5 27.
Nb3 Bc3 28. Rxd5 g6 29. Rb5 Ra2 30. Nc5 f5 31. Nd3 R2a5 32. Rb7 R5a7 33. Rb5
Ra5 34. Rb7 R5a7 1/2-1/2

[Event "1. Bundesliga 2013/2014"]
[Site "Jenbach, Wolfsberg, St. Veit/Glan"]
[Date "2014.03.21"]
[Round "9"]
[Board "3"]
[White "Maksimenko, Andrei"]
[Black "Bindrich, Falko"]
[Result "1/2-1/2"]
[WhiteElo "2535"]
[BlackElo "2591"]
[PlyCount "61"]
[EventDate "2013.12.06"]
[EventType "team"]
[EventRounds "11"]
[EventCountry "AUT"]
[WhiteTeam "ASVOE Wulkaprodersdorf"]
[BlackTeam "SK Hohenems"]

1. d4 Nf6 2. c4 e6 3. Nc3 d5 4. cxd5 Nxd5 5. e4 Nxc3 6. bxc3 c5 7. Nf3 cxd4 8.
cxd4 Bb4+ 9. Bd2 Bxd2+ 10. Qxd2 O-O 11. Rc1 b6 12. Bd3 Bb7 13. O-O Nd7 14. Qe3
Nf6 15. Rc2 Qe7 16. Rfc1 Rac8 17. Rxc8 Rxc8 18. Rxc8+ Bxc8 19. Qf4 h6 20. Qb8
Qb7 21. Qxb7 Bxb7 22. Nd2 Kf8 23. f3 Ke7 24. Kf2 Ne8 25. Ke3 Nd6 26. h4 Bc6 27.
g4 Nb5 28. g5 hxg5 29. hxg5 Nc3 30. a3 Nd1+ 31. Ke2 1/2-1/2

[Event "1. Bundesliga 2013/2014"]
[Site "Jenbach, Wolfsberg, St. Veit/Glan"]
[Date "2014.03.21"]
[Round "9"]
[Board "4"]
[White "Breder, Dennis"]
[Black "Schneider, Ilja"]
[Result "1-0"]
[WhiteElo "2478"]
[BlackElo "2486"]
[PlyCount "67"]
[EventDate "2013.12.06"]
[EventType "team"]
[EventRounds "11"]
[EventCountry "AUT"]
[WhiteTeam "SK Hohenems"]
[BlackTeam "ASVOE Wulkaprodersdorf"]

1. e4 e5 2. Nf3 d6 3. d4 exd4 4. Nxd4 Nf6 5. Nc3 Be7 6. g3 d5 7. e5 Ng4 8. Bg2
O-O 9. O-O c5 10. Ndb5 d4 11. Nd5 Nc6 12. f4 Nh6 13. Nxe7+ Qxe7 14. Nd6 Nf5 15.
Nxc8 Raxc8 16. Be4 Qe6 17. Qf3 Rcd8 18. b3 Nb4 19. Bd2 Nd5 20. Rfe1 g6 21. g4
Nfe7 22. Bd3 f5 23. exf6 Qxf6 24. Re4 Nc6 25. Rae1 Ncb4 26. Bxb4 Nxb4 27. Bc4+
Kh8 28. Re7 Qxf4 29. Rxh7+ Kxh7 30. Qh3+ Kg7 31. Re7+ Rf7 32. Rxf7+ Qxf7 33.
Bxf7 Kxf7 34. Qh7+ 1-0

[Event "1. Bundesliga 2013/2014"]
[Site "Jenbach, Wolfsberg, St. Veit/Glan"]
[Date "2014.03.21"]
[Round "9"]
[Board "5"]
[White "Antal, Gergely"]
[Black "Novkovic, Milan"]
[Result "1/2-1/2"]
[WhiteElo "2516"]
[BlackElo "2380"]
[PlyCount "136"]
[EventDate "2013.12.06"]
[EventType "team"]
[EventRounds "11"]
[EventCountry "AUT"]
[WhiteTeam "ASVOE Wulkaprodersdorf"]
[BlackTeam "SK Hohenems"]

1. e4 e6 2. d4 d5 3. Nd2 dxe4 4. Nxe4 Nd7 5. Bd3 Ngf6 6. Qe2 Be7 7. Nf3 O-O 8.
Bg5 c5 9. h4 Nd5 10. c4 Nb4 11. Bb1 cxd4 12. Nxd4 Nf6 13. Nf3 Nc6 14. a3 Nxe4
15. Bxe4 h6 16. Rd1 Qc7 17. Qe3 f5 18. Bxc6 hxg5 19. hxg5 Qxc6 20. Rh4 e5 21.
Nxe5 Qc5 22. Ng6 Qxe3+ 23. fxe3 Kf7 24. Nxf8 Bxf8 25. Rd8 Be7 26. Rdh8 Bxg5 27.
Rd4 Bf6 28. Rd6 a5 29. Rb6 a4 30. Kf2 Ke7 31. Rb5 Kd6 32. Ke2 Kc6 33. Kd2 b6
34. Re8 Kd7 35. Rf8 Ke7 36. Rh8 Bb7 37. Rxa8 Bxa8 38. g3 Kd7 39. Rxb6 Bc6 40.
Ke2 Kc7 41. c5 Bd5 42. Kd2 Be5 43. Ra6 Bb3 44. Kc1 g5 45. Rg6 g4 46. e4 f4 47.
Kd2 fxg3 48. Rxg4 Bxb2 49. Rxg3 Kc6 50. Rg5 Bxa3 51. Kc3 Bc1 52. Rf5 Kb5 53.
Rf1 Bh6 54. e5 Kxc5 55. Rf5 Kd5 56. Rh5 Bg7 57. Rg5 Bf8 58. Rh5 Ke6 59. Rg5 Bc5
60. Rg6+ Kd5 61. Rg4 Be7 62. Rb4 Bxb4+ 63. Kxb4 Kxe5 64. Ka3 Kd4 65. Kb2 Kc4
66. Ka1 Kc3 67. Kb1 a3 68. Ka1 a2 1/2-1/2

[Event "1. Bundesliga 2013/2014"]
[Site "Jenbach, Wolfsberg, St. Veit/Glan"]
[Date "2014.03.21"]
[Round "9"]
[Board "6"]
[White "Kessler, Luca"]
[Black "Thiede, Lars"]
[Result "1/2-1/2"]
[WhiteElo "2247"]
[BlackElo "2448"]
[PlyCount "74"]
[EventDate "2013.12.06"]
[EventType "team"]
[EventRounds "11"]
[EventCountry "AUT"]
[WhiteTeam "SK Hohenems"]
[BlackTeam "ASVOE Wulkaprodersdorf"]

1. d4 Nf6 2. c4 c5 3. d5 b5 4. cxb5 a6 5. bxa6 Bxa6 6. Nc3 d6 7. Nf3 g6 8. g3
Bg7 9. Bg2 O-O 10. O-O Nbd7 11. Qc2 Qb6 12. Rd1 Rfb8 13. Rb1 Ng4 14. Bd2 Nde5
15. Nxe5 Nxe5 16. b3 Bc8 17. h3 c4 18. bxc4 Qc5 19. Rxb8 Rxb8 20. Rb1 Ra8 21.
Ne4 Qxc4 22. Qxc4 Nxc4 23. Bc3 Bf5 24. Bxg7 Kxg7 25. Rb4 Bxe4 26. Bxe4 Ne5 27.
a4 Ra5 28. Rd4 f5 29. Bc2 Kf6 30. f4 Nd7 31. Kf2 Rc5 32. Bb3 Rc3 33. Rd3 Rc1
34. Rd1 Rc3 35. Rd3 Rc1 36. Rd1 Rc3 37. Rd3 Rc1 1/2-1/2

[Event "1. Bundesliga 2013/2014"]
[Site "Jenbach, Wolfsberg, St. Veit/Glan"]
[Date "2014.03.21"]
[Round "9"]
[Board "1"]
[White "Lenic, Luka"]
[Black "Luther, Thomas"]
[Result "1/2-1/2"]
[WhiteElo "2654"]
[BlackElo "2571"]
[PlyCount "85"]
[EventDate "2013.12.06"]
[EventType "team"]
[EventRounds "11"]
[EventCountry "AUT"]
[WhiteTeam "SV Raika Rapid Feffernitz"]
[BlackTeam "SK Absam"]

1. d4 d5 2. Nf3 Nf6 3. c4 c6 4. e3 a6 5. Qc2 Bg4 6. Nbd2 e6 7. Bd3 Nbd7 8. b3
Bxf3 9. Nxf3 Bb4+ 10. Ke2 Qe7 11. Bb2 Ba3 12. Rhd1 Bxb2 13. Qxb2 O-O 14. Kf1
Rad8 15. b4 Nb6 16. Ne5 Nfd7 17. Nxd7 Nxd7 18. a4 dxc4 19. Bxc4 e5 20. dxe5
Nxe5 21. Be2 h6 22. h3 Rfe8 23. Qc3 Rd7 24. Rxd7 Nxd7 25. Rd1 Nb6 26. Qb3 Rd8
27. Rxd8+ Qxd8 28. a5 Nc8 29. Qc3 Nd6 30. Qd4 Qe7 31. Bd3 g6 32. h4 h5 33. g3
Ne8 34. e4 Nf6 35. Kg2 Nd7 36. Bc4 Ne5 37. Ba2 Nd7 38. Bb3 Kh7 39. f4 Nf6 40.
e5 Nd5 41. Qc5 Qd7 42. Bxd5 cxd5 43. Kf2 1/2-1/2

[Event "1. Bundesliga 2013/2014"]
[Site "Jenbach, Wolfsberg, St. Veit/Glan"]
[Date "2014.03.21"]
[Round "9"]
[Board "2"]
[White "Dizdar, Goran"]
[Black "Borisek, Jure"]
[Result "1/2-1/2"]
[WhiteElo "2514"]
[BlackElo "2567"]
[PlyCount "61"]
[EventDate "2013.12.06"]
[EventType "team"]
[EventRounds "11"]
[EventCountry "AUT"]
[WhiteTeam "SK Absam"]
[BlackTeam "SV Raika Rapid Feffernitz"]

1. Nf3 Nf6 2. c4 g6 3. g3 Bg7 4. Bg2 O-O 5. O-O c6 6. b3 Ne4 7. d4 d5 8. Bb2
Bf5 9. e3 a5 10. Nc3 Na6 11. Nh4 Nxc3 12. Bxc3 Be6 13. cxd5 cxd5 14. Qd2 Nb8
15. Nf3 Nc6 16. Ne1 Bf5 17. Nd3 Bxd3 18. Qxd3 e6 19. Rfc1 Qb6 20. Bf1 Rfc8 21.
Qb5 Qxb5 22. Bxb5 Bf8 23. a4 Nb4 24. Bd7 Rd8 25. Bxb4 Bxb4 26. Rc7 Rab8 27. Bb5
Bd6 28. Rc2 Rdc8 29. Rac1 Rxc2 30. Rxc2 Kf8 31. Kf1 1/2-1/2

[Event "1. Bundesliga 2013/2014"]
[Site "Jenbach, Wolfsberg, St. Veit/Glan"]
[Date "2014.03.21"]
[Round "9"]
[Board "3"]
[White "Sebenik, Matej"]
[Black "Rotstein, Arkadij"]
[Result "1-0"]
[WhiteElo "2497"]
[BlackElo "2501"]
[PlyCount "45"]
[EventDate "2013.12.06"]
[EventType "team"]
[EventRounds "11"]
[EventCountry "AUT"]
[WhiteTeam "SV Raika Rapid Feffernitz"]
[BlackTeam "SK Absam"]

1. Nf3 d6 2. d4 g6 3. g3 Bg7 4. Bg2 Nd7 5. c4 e5 6. Nc3 Ne7 7. O-O O-O 8. e4
exd4 9. Nxd4 Nc6 10. Nde2 a5 11. Rb1 Re8 12. f4 Nc5 13. Be3 Nxe4 14. Bxe4 Rxe4
15. Nxe4 Qe7 16. N2c3 Bxc3 17. Nxc3 Qxe3+ 18. Rf2 Be6 19. Qf1 Nd4 20. Rd1 Nf3+
21. Kh1 Bg4 22. Nd5 Qe6 23. Rxf3 1-0

[Event "1. Bundesliga 2013/2014"]
[Site "Jenbach, Wolfsberg, St. Veit/Glan"]
[Date "2014.03.21"]
[Round "9"]
[Board "4"]
[White "Wegerle, Joerg"]
[Black "Diermair, Andreas"]
[Result "1-0"]
[WhiteElo "2424"]
[BlackElo "2456"]
[PlyCount "80"]
[EventDate "2013.12.06"]
[EventType "team"]
[EventRounds "11"]
[EventCountry "AUT"]
[WhiteTeam "SK Absam"]
[BlackTeam "SV Raika Rapid Feffernitz"]

1. e4 e5 2. Nf3 Nc6 3. Bb5 a6 4. Bxc6 dxc6 5. O-O Qd6 6. d3 Ne7 7. Be3 Ng6 8.
Nbd2 f6 9. d4 Bg4 10. c3 O-O-O 11. Qc2 Qd7 12. b4 exd4 13. Nxd4 Ne5 14. f4 Ng6
15. N2b3 Qe8 16. a4 Bd7 17. a5 Kb8 18. Rae1 Bd6 19. Nc5 Bxc5 20. bxc5 Qe7 21.
Qb2 Ka8 22. f5 Ne5 23. Rb1 Rb8 24. Qe2 g6 25. Nc2 gxf5 26. exf5 Rhg8 27. Rb4
Qg7 28. Bf4 Nd3 29. Rd4 Bxf5 30. Bg3 Qg6 31. Rxf5 Qxf5 32. Qxd3 Qxc5 33. Bxc7
Rbe8 34. Bb6 Qe5 35. Rd7 Qg5 36. Qd2 Qg4 37. Ne3 Qg5 38. Rxb7 Rg7 39. Rxg7 Qxg7
40. Qd6 Kb7 1-0

[Event "1. Bundesliga 2013/2014"]
[Site "Jenbach, Wolfsberg, St. Veit/Glan"]
[Date "2014.03.21"]
[Round "9"]
[Board "5"]
[White "Schreiner, Peter"]
[Black "Deglmann, Ludwig"]
[Result "1/2-1/2"]
[WhiteElo "2455"]
[BlackElo "2370"]
[PlyCount "111"]
[EventDate "2013.12.06"]
[EventType "team"]
[EventRounds "11"]
[EventCountry "AUT"]
[WhiteTeam "SV Raika Rapid Feffernitz"]
[BlackTeam "SK Absam"]

1. d4 Nf6 2. Nf3 e6 3. c4 c5 4. d5 d6 5. Nc3 exd5 6. cxd5 g6 7. h3 a6 8. a4 Qe7
9. Bf4 Bg7 10. e3 O-O 11. Be2 Nbd7 12. O-O Rb8 13. a5 Ne8 14. Re1 Ne5 15. Nd2
Nc7 16. Bh2 f5 17. f4 Nf7 18. e4 fxe4 19. Ndxe4 b5 20. axb6 Rxb6 21. Qd2 Bf5
22. Bf3 Bxe4 23. Rxe4 Qf6 24. Na4 Rb3 25. Bd1 Rbb8 26. Bg4 Rfe8 27. Rae1 Rxe4
28. Rxe4 Rb4 29. Rxb4 cxb4 30. Qxb4 Nxd5 31. Qe4 Qd4+ 32. Qxd4 Bxd4+ 33. Kh1
Nb4 34. Be2 d5 35. Bg3 Nd6 36. Be1 a5 37. g3 Kf7 38. Kg2 h5 39. g4 hxg4 40.
hxg4 Ke6 41. Kf3 Ne4 42. Bf1 Kd6 43. g5 Ke6 44. Bh3+ Kd6 45. Ke2 Bg7 46. Bg2
Ke6 47. Bh3+ Kd6 48. Bg2 Ke6 49. Kf3 Bd4 50. Bh3+ Kd6 51. Bf1 Ke6 52. Bxb4 axb4
53. Bd3 Nd2+ 54. Ke2 Ne4 55. Kf3 Nd2+ 56. Ke2 1/2-1/2

[Event "1. Bundesliga 2013/2014"]
[Site "Jenbach, Wolfsberg, St. Veit/Glan"]
[Date "2014.03.21"]
[Round "9"]
[Board "6"]
[White "Pilz, Dieter"]
[Black "Petschar, Kurt"]
[Result "1/2-1/2"]
[WhiteElo "2269"]
[BlackElo "2303"]
[PlyCount "62"]
[EventDate "2013.12.06"]
[EventType "team"]
[EventRounds "11"]
[EventCountry "AUT"]
[WhiteTeam "SK Absam"]
[BlackTeam "SV Raika Rapid Feffernitz"]

1. c4 e5 2. g3 Nf6 3. Bg2 c6 4. d3 d5 5. cxd5 cxd5 6. Nf3 Nc6 7. O-O Be7 8. Nc3
O-O 9. Bg5 d4 10. Bxf6 Bxf6 11. Ne4 Be7 12. a3 a5 13. Rc1 Qb6 14. Ned2 Be6 15.
Nc4 Bxc4 16. Rxc4 Qxb2 17. a4 Qb6 18. Qa1 Bb4 19. Rb1 Rae8 20. Ne1 Qa6 21. Nc2
Bc3 22. Qa2 Re7 23. Qb3 Nb4 24. Na3 g6 25. Rc5 Qf6 26. Nc4 Nc6 27. Nb6 Qd6 28.
Rb5 Bb4 29. Nd5 Rd7 30. Nb6 Re7 31. Nd5 Rd7 1/2-1/2